000 00590nam a2200241 a 4500
001 nice12345678
003 IN_TiNIC
005 20260116012740.0
008 050524s1988 isla grp 000 0 eng
020 _a
_c100
082 0 0 _a340.59
_bHAS3
100 _aHasan, Ahmad
245 _aEarly Development of Islamic Jurisprudence
260 _aIslambad
_bIslamic Research Institute
_c1988
300 _a234p
500 _aincludes index and biblioraphy
505 2 _aIndex
650 _aIslamic-Law
700 1 _aHasan, Ahmad
902 _bSRS
942 _cBK
999 _c8218
_d8218